000 00406nam a22001697a 4500
003 MPLRDC
005 20220104123436.0
008 210129b ||||| |||| 00| 0 eng d
082 _a997.1 FTZ
100 _a傅天真编
245 _a棋类游戏三十种
_c
250 _a再版
260 _a
_b艺美图书公司
_c1974
300 _b
650 _a智力游戏--棋艺
942 _cBK
_o997.1 FTZ
999 _c11459
_d11449